LIBRARY & INFORMATION CENTRE, KCAET, TAVANUR

ONLINE PUBLIC ACCESS CATALOGUE (OPAC)

Applied Mechanics and Strength of Materials (Record no. 19165)

MARC details
000 -LEADER
fixed length control field 00257nam a22001097a 4500
003 - CONTROL NUMBER IDENTIFIER
control field OSt
008 - FIXED-LENGTH DATA ELEMENTS--GENERAL INFORMATION
fixed length control field 250128b |||||||| |||| 00| 0 eng d
041 ## - LANGUAGE CODE
Language code of text/sound track or separate title eng
100 ## - MAIN ENTRY--AUTHOR NAME
Personal name Khurumi, RS
245 ## - TITLE STATEMENT
Title Applied Mechanics and Strength of Materials
942 ## - ADDED ENTRY ELEMENTS (KOHA)
Koha item type Books
Holdings
Withdrawn status Lost status Damaged status Home library Current library Date acquired Cost, normal purchase price Accession Number Koha item type Public note
Withdrawn     KAUAET KAUAET 28/01/2025 50.00 16730 Books Withdrawn as per order no A3-1008/2003 dated 25/04/2003
free website counter